Responses for Show #4004 - Thursday, January 17, 2002

Contestants

[<< previous game]

Krista Cain, an optician from Carrollton, Georgia

Steve Mandella, an assistant security manager originally from North Huntington, Pennsylvania

Nanette Wargo, a graduate student from Sauk Village, Illinois (whose 3-day cash winnings total $53,030)

[next game >>]

Jeopardy! Round responses

INTERNATIONAL AUTHORS
THE ROLE PLAYED
(Alex: We'll give you the actors; you identify the role they all played.)
THE 1880s
YIDDISH WORDS
PEOPLE
IT'S PARTY TIME!
    $200 1
China

Steve
    $200 19
Cleopatra

Steve
    $200 2
Eiffel Tower

Krista
    $200 7
Siegfried & Roy

Nanette
    $200 10
Oktoberfest

Krista
    $400 8
Icelandic

Krista
    $400 20
Gidget

Triple Stumper
    $400 3
(Krista: Who is [*]?)
(Steve: Who is [**]?)
[Krista's response was ruled incorrect and the decision was changed after the break.]

**Billy the Kid (*Jesse James)

SteveKrista
    $400 15
(Steve: Who are The Supremes?)
(Nanette: Who are The Pips?)

Jackson 5 (Jacksons)

NanetteSteveKrista
    $400 11
tailgate party

Krista
    $600 9
(Nanette: What is Spain?)

Portugal

Nanette
Triple Stumper
    $600 21
Davy Crockett

Triple Stumper
    $600 4
Pasteur

Steve
    $600 26
pray

Krista
    $600 18
Ted Koppel

Steve
    $600 12
inaugural balls

Krista
    $800 16
Dublin

Nanette
    $1,000 22
(Alex: We have about a minute left, Steve.)

Queen Elizabeth (I)

Steve
    $800 5
(Nanette: What is Europe?)

Africa

Nanette
Triple Stumper
    $800 27
zaftig

Nanette
    $800 24
Famous Amos

Nanette
    $800 13
a tea party

Steve
    $1000 17
Disraeli

Nanette
    $1000 23
(Krista: Who is Frankenstein's monster?)
(Steve: Who is Dracula?)

the Mummy

SteveKrista
Triple Stumper
    $1000 6
Annie Oakley

Steve
    $1000 28
[End of round signals.]

What's nu?

Triple Stumper
    $1000 25
(Suze) Orman

Nanette
    $1000 14
"Garden Party"

Triple Stumper

Scores at the first commercial break (after clue 15):

Nanette Steve Krista
-$1,600 $2,600 $2,600

Scores at the end of the Jeopardy! Round:

Nanette Steve Krista
$2,800 $3,400 $2,200

Double Jeopardy! Round responses

AFRICA
TIME FOR A BEVERAGE
TOUGH '70s TV
MYTHELLANY
"PAT"
I'D LIKE TO BUY AN OWL
    $400 19
Shirley Temple (Black)

Nanette
    $400 1
hemlock

Steve
    $400 2
Muhammad Ali

Steve
    $400 11
Ireland

Krista
    $400 5
(Nanette: Who is Diana?)

(Pallas) Athena

NanetteKrista
    $800 20
lava

Krista
    $800 6
a Tequila Sunrise

Nanette
    $800 3
McCloud

Triple Stumper
    $800 12
Inca

Krista
    $800 28
[The end-of-round signal sounds.]

patricide

Steve
    $800 7
saguaro

Nanette
    $1200 14
whiskey (bourbon)

Krista
    $1200 4
wolves

Nanette
    $1,000 13
(Krista: I don't know.)

oracle

Krista
    $1200 25
patriarch

Nanette
    $1200 8
Pliny

Nanette
    $1600 26
coffee

Nanette
    $1600 15
corn

Krista
    $1600 17
(Krista: Who is Gene Wilder?)

Cleavon Little

SteveKrista
    $1600 21
(Alex: A minute to go now, Krista.)

Hydra

Triple Stumper
    $1600 24
Patagonia

Krista
    $1,400 9
screech owl

Nanette
    $2000 27
Niger

Krista
    $2000 16
a Hurricane

Steve
    $2000 18
Joey Heatherton

Triple Stumper
    $2000 22
Loki

Triple Stumper
    $2000 23
"Paternoster"

Nanette
    $2000 10
snowy owl

Krista

Scores at the end of the Double Jeopardy! Round:

Nanette Steve Krista
$13,000 $8,600 $10,400

[wagering suggestions for these scores]

Final Jeopardy! Round responses

MILITARY MATTERS
SteveWhat is the Dreadnaught?
$8,600
KristaWhat is the Dreadnaught
$2,600
NanetteWhat is ?
$1,037
HMS Dreadnought

Final scores:

Nanette Steve Krista
$11,963 $17,200 $13,000
3rd place: trip to Waikik Beach & stay at Outrigger Hotel New champion: $17,200 2nd place: trip to Aspen, Colorado provided by ski.com

Game dynamics:

Coryat scores:

Nanette Steve Krista
$13,200 $8,400 $11,400
15 R
(including 1 DD),
4 W
13 R
(including 1 DD),
2 W
17 R,
3 W
(including 1 DD)

Combined Coryat: $33,000

[game clues] [game scores] [suggest correction]

Game tape date: 2001-10-30
The J! Archive is created by fans, for fans. Scraping, republication, monetization, and malicious use prohibited; this site may use cookies and collect identifying information. See terms. The Jeopardy! game show and all elements thereof, including but not limited to copyright and trademark thereto, are the property of Jeopardy Productions, Inc. and are protected under law. This website is not affiliated with, sponsored by, or operated by Jeopardy Productions, Inc. Join the discussion at JBoard.tv.